Propuesta de un manual de funciones y un manual de procedimientos del café molido para la microempresa carmelitas coffe en la ciudad de Managua
Presenta la elaboración de la propuesta de un manual de funciones y un manual de procedimiento del café, se pretende tener un mayor conocimiento de las principales actividades que deberán de realizar cada uno de sus trabajadores y a la gerencia la mejor manera en el reclutamiento del personal ido...
| Main Authors: | , |
|---|---|
| Other Authors: | |
| Format: | Tesis Section = Libro |
| Language: | Undetermined Spanish |
| Published: |
Managua
UNI
2016
|
| Subjects: |
| LEADER | 01349nam a2200277Ia 4500 | ||
|---|---|---|---|
| 008 | 240830s9999 xx 000 0 und d | ||
| 040 | |a BIBLIOTECA-RUSB/ M.Mon 658.402 D259 | ||
| 041 | |a spa | ||
| 082 | |a M.Mon 658.402 D259 | ||
| 100 | 1 | |a Dávila Espinoza, Wilmer Jeovanny | |
| 100 | 1 | |b Martínez Cano, Melvis | |
| 245 | 1 | 0 | |a Propuesta de un manual de funciones y un manual de procedimientos del café molido para la microempresa carmelitas coffe en la ciudad de Managua |
| 260 | |a Managua |b UNI |c 2016 | ||
| 300 | |a 146 p. :il. | ||
| 500 | |a Contiene: anexos y CD. | ||
| 502 | |a Tesis (Máster en Gestión Empresarial) - UNI, 2016. | ||
| 520 | 3 | |a Presenta la elaboración de la propuesta de un manual de funciones y un manual de procedimiento del café, se pretende tener un mayor conocimiento de las principales actividades que deberán de realizar cada uno de sus trabajadores y a la gerencia la mejor manera en el reclutamiento del personal idóneo para a segurar el futuro de la empresa y la forma más adecuada de tomar las decisiones. | |
| 650 | 7 | |a ORGANIZACION- MANUAL | |
| 650 | 7 | |b MANUALES ADMINISTRATIVOS | |
| 650 | 7 | |c ADMINISTRACION DE EMPRESAS | |
| 650 | 7 | |d DESCRIPCION DEL TRABAJO | |
| 650 | 7 | |e ESTRUCTURA ORGANIZACIONAL | |
| 700 | 1 | |a Tutor: |b Machado Bello, Xiomara | |
| 942 | |c BK |2 ddc | ||
| 991 | |a TESIS | ||
| 999 | |c 19408 | ||